Statistics for Nations of the Iroquois (with a map)

Click here to take the quiz!

General Stats

  • This quiz has been taken 42 times
  • The average score is 4 of 6

Answer Stats

Nations % Correct
Mohawk
86%
Seneca
72%
Oneida
66%
Cayuga
62%
Onondaga
55%
Tuscarora
48%

Score Distribution

Percentile by Number Answered

Percent of People with Each Score

Your Score History

You have not taken this quiz